<?xml version="1.0" encoding="UTF-8"?>
<record
    xmlns:xsi="http://www.w3.org/2001/XMLSchema-instance"
    xsi:schemaLocation="http://www.loc.gov/MARC21/slim http://www.loc.gov/standards/marcxml/schema/MARC21slim.xsd"
    xmlns="http://www.loc.gov/MARC21/slim">

  <leader>00419nam a2200157Ia 4500</leader>
  <controlfield tag="008">230718s9999    xx            000 0 und d</controlfield>
  <datafield tag="041" ind1=" " ind2=" ">
    <subfield code="a">eng</subfield>
  </datafield>
  <datafield tag="082" ind1=" " ind2=" ">
    <subfield code="a">005.13' 3</subfield>
    <subfield code="b">LAD</subfield>
  </datafield>
  <datafield tag="100" ind1=" " ind2=" ">
    <subfield code="a">Ladd S.R.</subfield>
    <subfield code="9">123799</subfield>
  </datafield>
  <datafield tag="245" ind1=" " ind2=" ">
    <subfield code="a">Turbo C++ Techniques And Applications</subfield>
  </datafield>
  <datafield tag="260" ind1=" " ind2=" ">
    <subfield code="c">1993</subfield>
    <subfield code="b">B.P.B. Publication</subfield>
  </datafield>
  <datafield tag="300" ind1=" " ind2=" ">
    <subfield code="a">422</subfield>
  </datafield>
  <datafield tag="365" ind1=" " ind2=" ">
    <subfield code="c">Rs.</subfield>
    <subfield code="b">150.00</subfield>
  </datafield>
  <datafield tag="700" ind1=" " ind2=" ">
    <subfield code="a">Ladd S.R.</subfield>
    <subfield code="9">123799</subfield>
  </datafield>
  <datafield tag="906" ind1=" " ind2=" ">
    <subfield code="d">B:2943406-Jan-1994</subfield>
    <subfield code="c">COMP</subfield>
    <subfield code="b">22.5</subfield>
  </datafield>
  <datafield tag="999" ind1=" " ind2=" ">
    <subfield code="c">291776</subfield>
    <subfield code="d">291776</subfield>
  </datafield>
  <datafield tag="952" ind1=" " ind2=" ">
    <subfield code="0">0</subfield>
    <subfield code="1">0</subfield>
    <subfield code="4">0</subfield>
    <subfield code="7">0</subfield>
    <subfield code="a">CCEP</subfield>
    <subfield code="b">CCEP</subfield>
    <subfield code="d">1994-01-10</subfield>
    <subfield code="e">International Book Service</subfield>
    <subfield code="f">COMP</subfield>
    <subfield code="g">127.50</subfield>
    <subfield code="i">29434</subfield>
    <subfield code="l">0</subfield>
    <subfield code="o">005.13' 3</subfield>
    <subfield code="p">CCEP-BK-2876</subfield>
    <subfield code="r">2023-07-18 00:00:00</subfield>
    <subfield code="t">22.5</subfield>
    <subfield code="v">150.00</subfield>
    <subfield code="w">1994-01-06</subfield>
    <subfield code="y">BK</subfield>
    <subfield code="z">002876</subfield>
  </datafield>
</record>
